000 01109nam a2200289 i 4500
001 bg
003 BPK
005 20150424131010.0
008 081028s2008 pl a f |000 0 pol
015 _aPB 2009/1510
020 _a9788360361214
040 _aWA N
_cBPK
080 _a347.77(438)
080 _a347.77(4-67)
080 _a341.22
245 0 0 _aPoradnik wynalazcy :
_bprocedury zgłoszeniowe w systemie: krajowym, europejskim, międzynarodowym /
_cred. Andrzej Pyrża ; [poszczególne działy oprac. Andrzej Pyrża et al.].
260 _aWarszawa :
_bUrząd Patentowy Rzeczypospolitej Polskiej,
_c2008.
300 _a249, [7] s. :
_bil. ;
_c21 cm.
650 4 _aPatenty
_xprawo międzynarodowe.
650 4 _aPatenty
_xprawo
_zPolska.
650 4 _aWynalazki
_xprawo międzynarodowe.
650 4 _aWynalazki
_xprawo
_zPolska.
700 1 _aPyrża, Andrzej.
_eRed.
710 1 _aUrząd Patentowy Rzeczypospolitej Polskiej.
_4pbl.
856 _uhttp://koha.tu.koszalin.pl/cgi-bin/koha/opac-detail.pl?biblionumber=56460
_yKatalog online BPK
942 _2UKD
_cKS
999 _c56460
_d56460